Advances in econometrics (Record no. 622174)

MARC details
000 -LEADER
fixed length control field 00789nam a2200241Ia 4500
003 - CONTROL NUMBER IDENTIFIER
control field OSt
005 - DATE AND TIME OF LATEST TRANSACTION
control field 20220926012235.0
008 - FIXED-LENGTH DATA ELEMENTS--GENERAL INFORMATION
fixed length control field 220923b |||||||| |||| 00| 0 eng d
037 ## - SOURCE OF ACQUISITION
Terms of availability General Book
040 ## - CATALOGING SOURCE
Original cataloging agency RTL
Transcribing agency RTL
Language of cataloging eng
041 ## - LANGUAGE CODE
Source of code eng
Language code of text/sound track or separate title eng
100 ## - MAIN ENTRY--PERSONAL NAME
Personal name Hildenbrand Werner Ed.
9 (RLIN) 248335
245 #0 - TITLE STATEMENT
Title Advances in econometrics
260 ## - PUBLICATION, DISTRIBUTION, ETC.
Place of publication, distribution, etc. New York
Name of publisher, distributor, etc. Cambridge University Press
Date of publication, distribution, etc. 1982
300 ## - PHYSICAL DESCRIPTION
Extent xi,301p
Dimensions cm.
490 ## - SERIES STATEMENT
Series statement Econometric Society Monographs in Quantitative Economics.2. World Congress Of The Econometric Society (4th), (1980) papers
650 ## - SUBJECT ADDED ENTRY--TOPICAL TERM
Topical term or geographic name entry element Mathametical Economics
942 ## - ADDED ENTRY ELEMENTS (KOHA)
Classification part X:(B).1.N8, M2
Koha item type General Books
Source of classification or shelving scheme Colon Classification (CC)

No items available.

Copyright @ Delhi University Library System